[Event "Olympiad-32"]
[Site "Yerevan"]
[Date "1996.09.27"]
[Round "11.2"]
[White "Tan, Tzer En"]
[Black "Abdulla, Ahmed Ibrahim"]
[Result "1-0"]
[WhiteElo "2220"]
[BlackElo "2215"]
[PlyCount "111"]
[EventDate "1996.09.15"]
[EventType "team-swiss"]
[EventRounds "14"]
[EventCountry "ARM"]
[SourceTitle "CBM 055"]
[Source "ChessBase"]
[SourceDate "1996.12.01"]
[SourceVersion "1"]
[SourceVersionDate "1996.12.01"]
[SourceQuality "1"]
[WhiteTeam "Singapore"]
[BlackTeam "Qatar"]
[WhiteTeamCountry "SIN"]
[BlackTeamCountry "QAT"]

1. d4 d5 2. c4 e6 3. Nc3 Nf6 4. Bg5 Nbd7 5. cxd5 exd5 6. e3 c6 7. Bd3 Be7 8. Nge2 0-0 9. 0-0 Re8 10. Qc2 Nf8 11. Rab1 Be6 12. b4 b5 13. a4 a6 14. Nf4 h6 15. Bxf6 Bxf6 16. Bf5 Bxf5 17. Qxf5 Qd7 18. Qc2 Be7 19. Rfc1 Bd6 20. Nce2 Rac8 21. Nd3 Qe7 22. Ng3 g6 23. Nf1 Nd7 24. a5 Kg7 25. Nd2 Nf6 26. Nf3 Ne4 27. Nfe5 f6 28. Nf3 Bb8 29. Nd2 Nxd2 30. Qxd2 Bd6 31. Qc2 Qe6 32. g3 f5 33. h4 h5 34. Rb2 Qe4 35. Ne1 g5 36. hxg5 h4 37. f3 Qe7 38. gxh4 f4 39. exf4 Qf7 40. Nd3 Rh8 41. Qh2 Qf5 42. Rd2 Rc7 43. Kf2 Qf8 44. Rb2 Rf7 45. Rxc6 Rxf4 46. Nxf4 Bxf4 47. Qh3 Qe7 48. Kg2 Qe1 49. Rcc2 Re8 50. Qg4 Be3 51. Qg3 Qg1+ 52. Kh3 Qh1+ 53. Kg4 Bxd4 54. Re2 Rf8 55. Rbc2 Ba7 56. Rc7+ 1-0

[Event "Olympiad-32"]
[Site "Yerevan"]
[Date "1996.09.19"]
[Round "4.3"]
[White "Corbin, Philip"]
[Black "Tan, Tzer En"]
[Result "1-0"]
[WhiteElo "2245"]
[BlackElo "2220"]
[PlyCount "39"]
[EventDate "1996.09.15"]
[EventType "team-swiss"]
[EventRounds "14"]
[EventCountry "ARM"]
[SourceTitle "CBM 055"]
[Source "ChessBase"]
[SourceDate "1996.12.01"]
[SourceVersion "1"]
[SourceVersionDate "1996.12.01"]
[SourceQuality "1"]
[WhiteTeam "Barbados"]
[BlackTeam "Singapore"]
[WhiteTeamCountry "BAR"]
[BlackTeamCountry "SIN"]

1. e4 c5 2. d4 cxd4 3. c3 d5 4. exd5 Qxd5 5. cxd4 Nc6 6. Nf3 Bg4 7. Nc3 Qd6 8. Nb5 Qb8 9. d5 Ne5 10. Qa4 Nxf3+ 11. gxf3 Qe5+ 12. Be3 Bd7 13. f4 Qxb2 14. Bd4 Qxa1+ 15. Bxa1 Rc8 16. Bh3 e6 17. dxe6 fxe6 18. Bxe6 Rc1+ 19. Kd2 Rxh1 20. Nc7+ 1-0

[Event "Olympiad-32"]
[Site "Yerevan"]
[Date "1996.09.16"]
[Round "1.2"]
[White "Tan, Tzer En"]
[Black "Shulman, Yuri"]
[Result "0-1"]
[WhiteElo "2220"]
[BlackElo "2520"]
[PlyCount "100"]
[EventDate "1996.09.15"]
[EventType "team-swiss"]
[EventRounds "14"]
[EventCountry "ARM"]
[SourceTitle "CBM 055"]
[Source "ChessBase"]
[SourceDate "1996.12.01"]
[SourceVersion "1"]
[SourceVersionDate "1996.12.01"]
[SourceQuality "1"]
[WhiteTeam "Singapore"]
[BlackTeam "Belarus"]
[WhiteTeamCountry "SIN"]
[BlackTeamCountry "BLR"]

1. d4 Nf6 2. Nf3 g6 3. Bg5 Bg7 4. Nbd2 0-0 5. e4 d5 6. Bd3 c5 7. e5 c4 8. Bxc4 dxc4 9. exf6 exf6 10. Be3 Qd5 11. a4 Nc6 12. 0-0 Bf5 13. Nh4 Be6 14. Nhf3 Rac8 15. c3 Rfe8 16. Re1 Na5 17. h3 h6 18. Nh2 f5 19. Qf3 Qd7 20. Qg3 Bd5 21. Nhf3 g5 22. Ne5 Qc7 23. f4 f6 24. fxg5 hxg5 25. Bxg5 fxe5 26. dxe5 Rxe5 27. Bf4 Rxe1+ 28. Rxe1 Qf7 29. Nf3 Bxf3 30. Qxf3 Nc6 31. Qe3 Rd8 32. Kh2 Rd7 33. Qc5 Qd5 34. Qf2 Re7 35. Rxe7 Nxe7 36. Qxa7 Ng6 37. Qb8+ Kh7 38. g3 Qf3 39. Qc8 Qe2+ 40. Kg1 Qd1+ 41. Kh2 Qc2+ 42. Kg1 Qb1+ 43. Kh2 Qxb2+ 44. Kg1 Nxf4 45. gxf4 Qc1+ 46. Kg2 Qd2+ 47. Kg1 Qxf4 48. Qxb7 Qg3+ 49. Kf1 Qxc3 50. Qf7 Qf3+ 0-1

[Event "Olympiad-31"]
[Site "Moscow"]
[Date "1994.12.15"]
[Round "13.3"]
[White "Tan, Tzer En"]
[Black "O'Cinneide, Mel"]
[Result "0-1"]
[WhiteElo "2280"]
[BlackElo "2260"]
[PlyCount "78"]
[EventDate "1994.12.01"]
[EventType "team-swiss"]
[EventRounds "14"]
[EventCountry "RUS"]
[SourceTitle "CBM 045"]
[Source "ChessBase"]
[SourceDate "1995.04.01"]
[SourceVersion "1"]
[SourceVersionDate "1995.04.01"]
[SourceQuality "1"]
[WhiteTeam "Singapore"]
[BlackTeam "Ireland"]
[WhiteTeamCountry "SIN"]
[BlackTeamCountry "IRL"]

1. d4 d5 2. c4 dxc4 3. Nf3 Nf6 4. e3 a6 5. Bxc4 e6 6. 0-0 c5 7. Qe2 b5 8. Bb3 Bb7 9. Rd1 Nbd7 10. Nc3 Qb6 11. d5 Nxd5 12. Nxd5 Bxd5 13. Bxd5 exd5 14. Rxd5 Qb7 15. e4 Be7 16. Bg5 f6 17. Bf4 0-0 18. Nh4 Nb6 19. Rd3 Rfe8 20. Nf5 Bf8 21. Re1 Rad8 22. Rxd8 Rxd8 23. h4 Qf7 24. h5 Kh8 25. Rd1 Rxd1+ 26. Qxd1 Qd7 27. Qf3 Nc4 28. b3 Nb6 29. Bc1 c4 30. Bb2 Qd2 31. Bc3 Qc1+ 32. Kh2 Nd7 33. bxc4 b4 34. Bd4 Qxc4 35. Qd1 Qxa2 36. g4 Qe6 37. f3 Bd6+ 38. Kh3 Bf8 39. Qa1 Ne5 0-1

[Event "Olympiad-31"]
[Site "Moscow"]
[Date "1994.12.12"]
[Round "11.4"]
[White "Dada, Bola"]
[Black "Tan, Tzer En"]
[Result "1/2-1/2"]
[WhiteElo "2190"]
[BlackElo "2280"]
[PlyCount "46"]
[EventDate "1994.12.01"]
[EventType "team-swiss"]
[EventRounds "14"]
[EventCountry "RUS"]
[SourceTitle "CBM 045"]
[Source "ChessBase"]
[SourceDate "1995.04.01"]
[SourceVersion "1"]
[SourceVersionDate "1995.04.01"]
[SourceQuality "1"]
[WhiteTeam "Nigeria"]
[BlackTeam "Singapore"]
[WhiteTeamCountry "NGR"]
[BlackTeamCountry "SIN"]

1. d4 Nf6 2. Nf3 d5 3. c4 e6 4. cxd5 exd5 5. Nc3 Be7 6. Bg5 0-0 7. e3 c6 8. Qc2 Be6 9. Bd3 Nbd7 10. 0-0 Re8 11. a3 a5 12. Rab1 h6 13. Bh4 Rc8 14. b4 axb4 15. axb4 b5 16. Qb2 Nb6 17. h3 Ne4 18. Bxe7 Qxe7 19. Bxe4 dxe4 20. Ne5 Nc4 21. Nxc4 Bxc4 22. Rfd1 Red8 23. Ra1 f5 1/2-1/2

[Event "Olympiad-31"]
[Site "Moscow"]
[Date "1994.12.06"]
[Round "6.3"]
[White "Bern, Ivar"]
[Black "Tan, Tzer En"]
[Result "1-0"]
[WhiteElo "2360"]
[BlackElo "2280"]
[PlyCount "85"]
[EventDate "1994.12.01"]
[EventType "team-swiss"]
[EventRounds "14"]
[EventCountry "RUS"]
[SourceTitle "CBM 045"]
[Source "ChessBase"]
[SourceDate "1995.04.01"]
[SourceVersion "1"]
[SourceVersionDate "1995.04.01"]
[SourceQuality "1"]
[WhiteTeam "Norway"]
[BlackTeam "Singapore"]
[WhiteTeamCountry "NOR"]
[BlackTeamCountry "SIN"]

1. c4 e6 2. Nc3 d5 3. d4 Nf6 4. cxd5 exd5 5. Bg5 Be7 6. e3 c6 7. Qc2 Ne4 8. Bxe7 Qxe7 9. Nxd5 cxd5 10. Qxc8+ Qd8 11. Qxd8+ Kxd8 12. Bd3 Nc6 13. Rc1 Nb4 14. Bb1 Kd7 15. Ne2 g6 16. a3 Nc6 17. Ba2 Kd6 18. f3 Nf6 19. Kd2 Rhe8 20. g4 h6 21. h4 h5 22. g5 Nd7 23. Nf4 Nb6 24. Rc5 Ne7 25. e4 dxe4 26. fxe4 Rf8 27. e5+ Kd7 28. Bxf7 Rxf7 29. e6+ Kd6 30. exf7 Rf8 31. Re1 Rxf7 32. Re6+ Kd7 33. Rf6 Rg7 34. Ne6 Rg8 35. Rc7+ Kd6 36. Rxb7 Ned5 37. Rf8 Kxe6 38. Rxg8 Kf5 39. Rxa7 Kg4 40. Rxg6 Nc4+ 41. Kc1 Kxh4 42. Rc6 Nxa3 43. bxa3 1-0